教育学全集= Complete Education
में बचाया:
| मुख्य लेखक: | |
|---|---|
| स्वरूप: | पुस्तक |
| भाषा: | Undetermined |
| प्रकाशित: |
Japan
相賀徹夫
1967
|
| विषय: | |
| टैग : |
टैग जोड़ें
कोई टैग नहीं, इस रिकॉर्ड को टैग करने वाले पहले व्यक्ति बनें!
|
| Thư viện lưu trữ: | Trung tâm Học liệu Trường Đại học Cần Thơ |
|---|
| LEADER | 00539nam a2200205Ia 4500 | ||
|---|---|---|---|
| 001 | CTU_232272 | ||
| 008 | 210402s9999 xx 000 0 und d | ||
| 082 | |a 370.952 | ||
| 082 | |b U22 | ||
| 100 | |a Ueda, Kaoru | ||
| 245 | 0 | |a 教育学全集= | |
| 245 | 0 | |b Complete Education | |
| 245 | 0 | |c Kaoru Ueda (上田薫 ) | |
| 260 | |a Japan | ||
| 260 | |b 相賀徹夫 | ||
| 260 | |c 1967 | ||
| 650 | |a Giáo dục,Education | ||
| 650 | |z Nhật Bản,Japan | ||
| 910 | |a Tuyến | ||
| 980 | |a Trung tâm Học liệu Trường Đại học Cần Thơ | ||